00863cam a2200265 a 45000010009000000050017000090080041000260100017000670200025000840400013001090410008001220420008001300800011001380820019001491000007001681010008001752400017001832450110002002460031003105040068003419060045004099420012004549990017004669520114004831709553420171215045610.0111209s2011 enkac b 001 d eng  a 2011507125 a9781408152010 (pbk.) aDLCcDLC aeng apcc a822.3304a822.33 SHA2221 a22 aGJL10aWorks.f201114aThe Arden Shakespeare complete works /cedited by Richard Proudfoot, Ann Thompson and David Scott Kastan.30aShakespeare complete works aIncludes bibliographical references (p. 1339-1343) and indexes. a7bcbccorigresd2encipf20gy-gencatlg 2ddccBK c38996d38996 00102udc40708PËKGa002b002cPËKGd2017-12-15l0o822.33 SHAp002-2939602r2017-12-15w2017-12-15yBK